000 00440nam a2200133Ia 4500
005 20260328104254.0
008 260328s9999||||xx |||||||||||||| ||und||
100 _aQuiñones Aguilar, Ana Cielo
245 0 _aEntre soles y armantes :
_b Diseño participativo y Artesanía en el Valle de Tenza /
_cAna Cielo Quiñones Aguilar
260 _bUniversidad Pontificia Bolivariana
300 _a126 p.
650 _aDISEÑO INDUSTRIAL
942 _cBK
999 _c10344
_d10344